000 00596nam a2200217Ii 4500
003 JO-AjNU
008 230606s9999||||xx |||||||||||||| ||und||
020 _a0-13-629155-4
040 _aJO-AjNU
_beng
_erda
_cJO-AjNU
041 _aeng
050 1 4 _aQA76.64.M493.1997
100 3 _aMeyer,Bertrand,
_eauthor
_9773
245 0 0 _aobject oriented software construction
250 _a2 ed
264 3 1 _aNEW JERSEY:ph ptr,1997
300 _a1254p
336 _atext
_btxt
_2rdacontent
337 _aunmediated
_bn
_2rdamedia
338 _avolume
_bnc
_2rdacarrier
650 4 _aCOMPUTER SOFTWARE
_9774
999 _aE408
_c408
_d408